Đang tải...
Indiayude puthiya athmaavu /
| Tác giả chính: | |
|---|---|
| Định dạng: | Printed Book |
| Ngôn ngữ: | Malayalam |
| Được phát hành: |
Auroville Publishers ,
1973.
|
| LEADER | 00481nam a2200145Ia 4500 | ||
|---|---|---|---|
| 008 | 150624b xxu||||| |||| 00| | mal d | ||
| 082 | |a 923.254I | ||
| 100 | |a Koshi P. John | ||
| 245 | |c Koshi P. John |a Indiayude puthiya athmaavu / | ||
| 260 | |b Auroville Publishers , |c 1973. | ||
| 300 | |a 160 p. | ||
| 546 | |a In Malayalam. | ||
| 942 | |c BK | ||
| 999 | |c 73714 |d 73714 | ||
| 952 | |0 1 |1 0 |2 ddc |4 1 |6 923_000000000000000_254I_JOH_I |7 0 |9 73660 |a UL |b UL |c Ref2 |d 1998-08-28 |l 0 |o 923.254I JOH/I |p 15546 |r 2012-10-27 |y REF | ||